Law and disaster : (Record no. 185180)

MARC details
000 -LEADER
fixed length control field 02026nam a2200445 i 4500
001 - CONTROL NUMBER
control field vtls003278194
003 - CONTROL NUMBER IDENTIFIER
control field MY-SjTCS
005 - DATE AND TIME OF LATEST TRANSACTION
control field 20200508125134.0
006 - FIXED-LENGTH DATA ELEMENTS--ADDITIONAL MATERIAL CHARACTERISTICS
fixed length control field m o d |
007 - PHYSICAL DESCRIPTION FIXED FIELD--GENERAL INFORMATION
fixed length control field cr cnu||||||||
008 - FIXED-LENGTH DATA ELEMENTS--GENERAL INFORMATION
fixed length control field 191119s2019 enk o 000 0 eng d
020 ## - INTERNATIONAL STANDARD BOOK NUMBER
Canceled/invalid ISBN 9781138481947
020 ## - INTERNATIONAL STANDARD BOOK NUMBER
International Standard Book Number 9781351059343 (e-book)
035 ## - SYSTEM CONTROL NUMBER
System control number (MiAaPQ)EBC5583367
035 ## - SYSTEM CONTROL NUMBER
System control number (Au-PeEL)EBL5583367
035 ## - SYSTEM CONTROL NUMBER
System control number (CaPaEBR)ebr11636150
035 ## - SYSTEM CONTROL NUMBER
System control number (OCoLC)1050360827
039 #9 - LEVEL OF BIBLIOGRAPHIC CONTROL AND CODING DETAIL [OBSOLETE]
Level of rules in bibliographic description 201911191555
Level of effort used to assign nonsubject heading access points shuhada
-- 201911131003
-- shuhada
040 ## - CATALOGING SOURCE
Original cataloging agency MiAaPQ
Language of cataloging eng
Description conventions rda
-- pn
Transcribing agency MiAaPQ
Modifying agency MiAaPQ
043 ## - GEOGRAPHIC AREA CODE
Geographic area code a-ja---
082 04 - DEWEY DECIMAL CLASSIFICATION NUMBER
Classification number 344.520534
Edition number 23
100 1# - MAIN ENTRY--PERSONAL NAME
Personal name Matsui, Shigenori,
Relator term author.
245 10 - TITLE STATEMENT
Title Law and disaster :
Remainder of title earthquake, tsunami and nuclear meltdown in Japan /
Statement of responsibility, etc. Shigenori Matsui.
264 #1 - PRODUCTION, PUBLICATION, DISTRIBUTION, MANUFACTURE, AND COPYRIGHT NOTICE
Place of production, publication, distribution, manufacture London ;
-- New York, New York :
Name of producer, publisher, distributor, manufacturer Routledge,
Date of production, publication, distribution, manufacture, or copyright notice 2019.
300 ## - PHYSICAL DESCRIPTION
Extent 1 online resource (297 pages)
336 ## - CONTENT TYPE
Content type term text
Source rdacontent
337 ## - MEDIA TYPE
Media type term computer
Source rdamedia
338 ## - CARRIER TYPE
Carrier type term online resource
Source rdacarrier
588 ## - SOURCE OF DESCRIPTION NOTE
Source of description note Description based on print version record.
590 ## - LOCAL NOTE (RLIN)
Local note Electronic reproduction. Ann Arbor, MI : ProQuest, 2018. Available via World Wide Web. Access may be limited to ProQuest affiliated libraries.
650 #0 - SUBJECT ADDED ENTRY--TOPICAL TERM
Topical term or geographic name entry element Disaster relief
General subdivision Law and legislation
Geographic subdivision Japan
-- Tohoku Region.
650 #0 - SUBJECT ADDED ENTRY--TOPICAL TERM
Topical term or geographic name entry element Tohoku Earthquake and Tsunami, Japan, 2011.
650 #0 - SUBJECT ADDED ENTRY--TOPICAL TERM
Topical term or geographic name entry element Earthquakes
General subdivision Government policy
Geographic subdivision Japan
-- Tohoku Region.
650 #0 - SUBJECT ADDED ENTRY--TOPICAL TERM
Topical term or geographic name entry element Nuclear power plants
General subdivision Law and legislation
Geographic subdivision Japan.
650 #0 - SUBJECT ADDED ENTRY--TOPICAL TERM
Topical term or geographic name entry element Liability for nuclear damages
Geographic subdivision Japan.
655 #4 - INDEX TERM--GENRE/FORM
Genre/form data or focus term Electronic books.
776 08 - ADDITIONAL PHYSICAL FORM ENTRY
Relationship information Print version:
Main entry heading Matsui, Shigenori.
Title Law and disaster : earthquake, tsunami and nuclear meltdown in Japan.
Place, publisher, and date of publication London ; New York, New York : Routledge, 2019
Physical description 297 pages
International Standard Book Number 9781138481947
Record control number (DLC) 2018015567
797 2# - LOCAL ADDED ENTRY--CORPORATE NAME (RLIN)
Corporate name or jurisdiction name as entry element ProQuest (Firm)
856 40 - ELECTRONIC LOCATION AND ACCESS
Uniform Resource Identifier https://ezproxy.taylors.edu.my/login?url=https://ebookcentral.proquest.com/lib/taylors/detail.action?docID=5583367
Public note An electronic book accessible through the World Wide Web; click to view
Holdings
Withdrawn status Lost status Source of classification or shelving scheme Damaged status Not for loan Home library Current library Date acquired Cost, normal purchase price Total Checkouts Date last seen Price effective from Koha item type Public note
    Dewey Decimal Classification   e-book Taylor's Library-TU Taylor's Library - Perpetual(TU) 13/04/2020 593.60   13/04/2020 13/04/2020 Main Collection SLASx,05000,03,CL,PPT | SLASx,05004,03,CL,PPT | SLASx,05005,03,CL,PPT | SLASx,05006,03,CL,PPT | SLASx,05007,03,CL,PPT | SLASx,37100,03,CL,PPT